| 000 | 01379nab a2200229 i 4500 | ||
|---|---|---|---|
| 001 | 768714001 | ||
| 003 | CO-MdFUSB | ||
| 005 | 20240521105237.0 | ||
| 008 | 240521t1973 sp ||||| |||| 00| 0 spa d | ||
| 040 |
_bspa _cCO-MdFUSB _dCO-MdFUSB |
||
| 041 | _aspa | ||
| 100 |
_aBrothers, Joan, _d1938- _eautor |
||
| 245 |
_aSecularización ¿realidad o fantasia? _c/ Joan Brothers ; traducido por Julio Alonso Asenjo |
||
| 520 | _aEn términos religiosos, se mira la secularización como una de las consecuencias de la industrialización. Esta visión de las sociedades que pasan de una situación religiosa a otra secular es un ejemplo de la pervivencia en sociología de las teorías evolucionistas. Este artículo quiere estudiar las siguientes cuestiones: ¿Pasan las sociedades, durante el proceso de industrialización, de religiosas a seculares? ¿A quiénes debemos esta concepción? ¿Es exacta la imagen de la realidad social que nos ofrecen? | ||
| 650 | 7 |
_aSociología cristiana _9405 |
|
| 650 | 7 |
_aSecularización (Teología) _96926 |
|
| 653 | _aPersistencia de la religión | ||
| 700 |
_aAlonso Asenjo, Julio, _etraductor |
||
| 773 | 0 |
_049450 _982661 _oR2571 _tRevista internacional de teología Concilium _w(CO-MdFUSB)8 _x0210-1041 _gNúmero 81, (enero, 1973), páginas: 45 - 57 _qpágina: 45 |
|
| 942 | _cANA | ||
| 945 | _aCatherine Arias Alvarez - Practicante SENA | ||
| 999 |
_c69797 _d69797 |
||